Top 10 des plus grosses têtes de neuille - Statistiques

Statistiques générales
  • Ce quiz a été pris 601 fois
  • Le résultat moyen est 4 sur 10
Statistiques - réponses
Indice Réponse % Correct
Neuille originel Talmo
88%
Swan Néo
85%
Président François Hollande
54%
Nasdas Samos
38%
Ping Pong Felix Lebrun
35%
PSG Safonov
23%
Carglass Frederic
20%
Pokemon Asterion
13%
Maïs Valère Germain
7%
Streameur JeanPormanove
3%
Aucun quiz correspondant
Distribution des résultats
% des personnes avec chaque résultat
Percentile par nombre de réponses
Votre historique - résultats
Vous n’avez pas pris ce quiz